Statistiques concernant Cliquez sur le drapeau des cantons suisses

Cliquez ici pour prendre le quiz!

Statistiques générales

  • Ce quiz a été pris 557 fois
  • Le résultat moyen est 14 sur 26

Statistiques - réponses

HintRéponse% Correct
BerneWappen Bern matt
78%
VaudWappen Waadt matt
77%
GenèveWappen Genf matt
72%
ValaisWappen Wallis matt
71%
FribourgWappen Freiburg matt
67%
NeuchâtelWappen Neuenburg matt
65%
JuraWappen Jura matt
62%
TessinWappen Tessin matt
59%
UriWappen Uri matt
59%
ZurichWappen Zürich matt
58%
Bâle-VilleWappen Basel-Stadt matt
55%
SchwytzWappen Schwyz matt
54%
Appenzell Rhodes-ExtérieuresWappen Appenzell Ausserrhoden matt
53%
Bâle-CampagneWappen Basel-Landschaft matt
53%
GlarisWappen Glarus matt
51%
Saint-GallWappen St. Gallen matt (2011)
51%
SchaffhouseWappen Schaffhausen matt
50%
GrisonsWappen Graubünden matt
49%
ZougWappen Zug matt
48%
LucerneWappen Luzern matt
48%
Appenzell Rhodes-IntérieuresWappen Appenzell Innerrhoden matt
47%
SoleureWappen Solothurn matt
47%
ArgovieWappen Aargau matt
44%
ObwaldWappen Obwalden matt
43%
ThurgovieWappen Thurgau matt
40%
NidwaldWappen Nidwalden matt
37%

Distribution des résultats

Percentile par nombre de réponses

% des personnes avec chaque résultat

Votre développement - résultats

Vous n’avez pas pris ce quiz